000 04046cam a22002054a 4500
005 20250605164220.0
008 250528s ||||||||||||||||||||||||d
035 _a20626
020 _a9600212090
040 _aGR-AtMCL
_bgre
_dGR-AtMCL
_eAACR2
245 1 _aΛήψη Αποφάσεων, Κρίση, Διαπραγμάτευση / Θεωρία και Πράξη
260 _bΠαπαζήση,
_c1997
300 _a168
505 0 _aΕισαγωγή, Παράγοντες Λήψης Αποφάσεων, Υλικοί Παράγοντες, Οι Έμψυχοι Παράγοντες, Οι Υποκειμενικοί Παράγοντες, Προσεγγίσεις στη Λήψη Αποφάσεων, Η Λήψη Αποφάσεων στην Αρχαιότητα, Σύγχρονες Επιστημονικές Προσεγγίσεις, Θεωρήσεις Διεθνών Σχέσεων, Κλασσικός Ρεαλισμός, Δομικός Ρεαλισμός ή Νεορεαλισμός, Πλουραστική Θεώρηση, Οι Θεωρίες Λήψης Αποφάσεων, Ορθολογικές Θεωρίες Λήψης Αποφάσεων, Το Κλασσικό Μοντέλο, Θεωρία Παιγνίων, Θεωρίες μη Συμβατικής Λογικής, Θεωρίες Περί Γραφειοκρατίας, Περιορισμένος Ορθολογισμός, Το Οργανισμικό Μοντέλο, Μικτά Μοντέλα ή Μελέτες, Άλλες Θεωρίες Λήψης Αποφάσεων, Ψυχολογικές Θεωρίες, Παρανόηση, Ομαδοσκέψη, Κυβερνητική, Κρίση και Διαχείριση Κρίσης, Λειτουργίες και Χαρακτηριστικά της Κρίσης, Αίτια, Αίτια - Αφορμές, Διαχείριση Κρίσης, Διπλωματία, Διπλωματικές Λειτουργίες, Προπαγάνδα, Διαπραγμάτευση, Στόχοι της Διαπραγμάτευσης, Τα Στάδια της Διαπραγμάτευσης, Τακτικές της Διαπραγμάτευσης, Παραρτήματα, Βιβλιογραφία.
520 _aΕισαγωγή, Παράγοντες Λήψης Αποφάσεων, Υλικοί Παράγοντες, Οι Έμψυχοι Παράγοντες, Οι Υποκειμενικοί Παράγοντες, Προσεγγίσεις στη Λήψη Αποφάσεων, Η Λήψη Αποφάσεων στην Αρχαιότητα, Σύγχρονες Επιστημονικές Προσεγγίσεις, Θεωρήσεις Διεθνών Σχέσεων, Κλασσικός Ρεαλισμός, Δομικός Ρεαλισμός ή Νεορεαλισμός, Πλουραστική Θεώρηση, Οι Θεωρίες Λήψης Αποφάσεων, Ορθολογικές Θεωρίες Λήψης Αποφάσεων, Το Κλασσικό Μοντέλο, Θεωρία Παιγνίων, Θεωρίες μη Συμβατικής Λογικής, Θεωρίες Περί Γραφειοκρατίας, Περιορισμένος Ορθολογισμός, Το Οργανισμικό Μοντέλο, Μικτά Μοντέλα ή Μελέτες, Άλλες Θεωρίες Λήψης Αποφάσεων, Ψυχολογικές Θεωρίες, Παρανόηση, Ομαδοσκέψη, Κυβερνητική, Κρίση και Διαχείριση Κρίσης, Λειτουργίες και Χαρακτηριστικά της Κρίσης, Αίτια, Αίτια - Αφορμές, Διαχείριση Κρίσης, Διπλωματία, Διπλωματικές Λειτουργίες, Προπαγάνδα, Διαπραγμάτευση, Στόχοι της Διαπραγμάτευσης, Τα Στάδια της Διαπραγμάτευσης, Τακτικές της Διαπραγμάτευσης, Παραρτήματα, Βιβλιογραφία.
700 1 _aΚουσκουβέλης Ηλίας Ι
_96592
942 _cBK
999 _c5717
_d5717